Noms de pays en... espagnol ! - Statistiques

Statistiques générales
  • Ce quiz a été pris 126 fois
  • Le résultat moyen est 19 sur 20
Statistiques - réponses
Pays en espagnol Nom français % Correct
Libano Liban
100%
Australia Australie
98%
Bélgica Belgique
98%
Corea del Norte Corée du Nord
98%
Hungría Hongrie
98%
Mónaco Monaco
98%
Nueva Zelanda Nouvelle-Zélande
98%
Papúa Nueva Guinea Papouasie-Nouvelle-Guinée
98%
Polonia Pologne
98%
Eslovaquia Slovaquie
98%
Tailanda Thaïlande
98%
Turquia Turquie
98%
Zimbabue Zimbabwe
98%
Granada Grenade
96%
Moldavia Moldavie
96%
Noruega Norvège
96%
Filipinas Philippines
96%
Suiza Suisse
96%
Siria Syrie
96%
Ucrania Ukraine
96%
Ciudad del Vaticano Vatican
96%
Túnez Tunisie
95%
Kazajistán Kazakhstan
94%
Macedonia del Norte Macédoine du Nord
94%
Chequia Tchéquie
94%
Azerbaiyán Azerbaïdjan
93%
Reino Unido Royaume-Uni
92%
Yibuti Djibouti
91%
Fiyi Fidji
90%
Malaui Malawi
90%
Marruecos Maroc
90%
Países Bajos Pays-Bas
88%
Tayikistán Tadjikistan
87%
Botsuana Botswana
85%
Suecia Suède
85%
Dinamarca Danemark
84%
Argelia Algérie
80%
Belice Bélize
80%
San Cristóbal y Nieves Saint-Christophe-et-Niévès
73%
Costa de Marfil Côte d'Ivoire
58%
Aucun quiz correspondant
Distribution des résultats
% des personnes avec chaque résultat
Percentile par nombre de réponses
Votre historique - résultats
Vous n’avez pas pris ce quiz